00833nam a2200193 a 450000100100000000500170001000800410002702000180006804000250008608200150011110000230012624500480014926000350019730000300023295201280026295201130039095201190050399900170062200004536120240307183156.0150305s2014 dr a 000 0 spa d a9789945896411 aDO-SdBNPbspacBNPHU axxxxbxxxx1 aCabral, Euri9109710aAgenda para sembrar valores /cEuri Cabral. aSanto Domingo :bIanna,c2014. a[298] p. :bil. ;c23 cm. 001054708DSaGRbGRcCTd2015-03-05iLF1l0oxxxx xxxxp45361-30r2020-06-25te. 3w2020-06-25yLFDSZPréstamo en sala 0010718PDaPDbPDcCTd2015-03-05iLF1l0oxxxx xxxxp45361-10r2020-06-25w2020-06-25yLFPDZNo se presta 0010718PDaPDbPDcCTd2015-03-05iLF1l0oxxxx xxxxp45361-20r2020-06-25te. 2w2020-06-25yLFPDZNo se presta c44850d44850